01960nam a2200301 a 4500001001000000005001700010008004100027041000800068044000700076084002000083100004500103245011100148250000600259260003100265300002200296440002600318500027100344500012000615500047500735500011801210650005201328650005601380650003401436650004501470700005101515700004201566740005001608BRCA_270320190320203930.0031208s1888----sp-a---###---#000-0#spa-u aspa asp a209b.G57c18881 aCervantes Saavedra, Miguel ded1547-161610aEl Ingenioso Hidalgo Don Quijote de la Manchabseguido de el Buscapíecpor Miguel de Cervantes Saavedra. a4 aBarcelonabF. Giróc1888 a2 v.bil.c21 cm. 0aBiblioteca salvatella aContenido : v 1. Primera parte. Busto de Cervantes. Notas del editor. Dedicatoria del autor. Prólogo del autor. Versos preliminares. Texto. -- v 2. Segunda parte. Autógrafo facsímil de Cervantes. Dedicatoria del autor. Prólogo del autor. Texto. El Buscapié aEdición : Ilustrada con gran número de grabados y reproducción de cuadros famosos de autores contemporáneos aLinda edición, bien impresa. Reproducción de las que anteriormente publicó la Casa Salvatella, con la edición de El Buscapié, superchería de Adolfo de Castro. A los grabados de Johannot que adornan las otras ediciones, se han añadido en ésta algunos dibujos de varios autores españoles contemporáneos. Es una de las pocas ediciones que reproduce el escudo de la primera edición. Tela; con relieves y dorados; corte dorado también Lúdovik Osterc aEstado físico : Guarda del volumen 1 desprendida. El lomo del volumen 2 está desprendido casi en su totalidad14aNovela españolayÉpoca clásica, 1500-170014aLiteratura españolayÉpoca clásica, 1500-170014aNovela españolaySiglo XVII14aDon Quijote (Personaje ficticio)eNovela1 aCastro y Rossi, Adolfo ded1823-1898eAnotador1 aJohannot, Tonyd1803-1852eIlustrador0 aEl Ingenioso Hidalgo Don Quijote de la Mancha